00810cam a22002174a 4500020002800000082002700028100002900055245007900084250001200163260005200175300003400227490002700261526003700288650004300325650001300368700002900381856005600410942001200466999001900478952009500497 a0072872527 (alk. paper)00a515.9bBROcN-01,P-1451 aBrown, James Ward.9885210aComplex variables and applications /cJames Ward Brown, Ruel V. Churchill. a7th ed. aBoston :bMcGraw-Hill Higher Education,cc2004. axvi, 458 p. :bill. ;c25 cm.1 aBrown-Churchill series a0b0c0d515_900000000000000_BRO 0aFunctions of complex variables.910426 0aMCE93791 aChurchill, Ruel V.9885341uhttp://www.loc.gov/catdir/toc/mh031/2002043104.html 2ddccBK c543950d543950 00102ddc4070aMCEbMCEd2014-04-08l0o515.9 BROpMCE-38100r2014-04-08w2014-04-08yBK